00467 a2200169 450000100060000002000180000604000240002410000240004824000280007224500230010030000060012336200090012965000310013894200070016995201040017699900170028046606 a9788574065458 cAnchieta - Aquarius aMickelburgh, Juliet10aAninha, a pestinhalpor10aAninha, a pestinha a 0 a2012 4aLiteratura infanto-juvenil cBK 00104070a87.1b87.1d2023-11-21l0o028.5 MIC ANIp4594/AQUr2023-11-21 15:13:12w2023-11-21yBK c46606d46606